000 00887nam a2200289 i 4500
001 35154
003 BD-RjUL
005 20211209052253.0
008 140521s1974 ii b 001 0 eng
020 _a070690334X
035 _a(BD-RjUL)38248
040 _aDLC
_cDLC
_dDLC
_dDLC
_dBD-RjUL
_beng
041 _aeng
082 0 0 _a331.40954
_bKAC 1974
100 1 _aKapur, Promilla,
_d1928-
_9107054
245 1 4 _aThe changing status of the working woman in India /
_cPromilla Kapur.
260 _aDelhi :
_bVikas Pub. House,
_c1974.
300 _a 178 p. ;
_c23 cm.
504 _aBibliography: p. [163]-173.
504 _aIncludes index.
650 0 _aWomen
_xEmployment
_zIndia.
_9107055
650 0 _aMarried women
_xEmployment
_zIndia.
_9107017
650 0 _aWomen college graduates
_xEmployment
_zIndia.
_9107056
942 _2ddc
_cBK
999 _c35154
_d35154